Rick Joy (Record no. 122955)
[ view plain ]
| 000 -LEADER | |
|---|---|
| fixed length control field | 01770nam a2200421 a 4500 |
| 082 04 - DEWEY DECIMAL CLASSIFICATION NUMBER | |
| Classification number | 720/.92 |
| 100 1# - MAIN ENTRY--AUTHOR NAME | |
| Personal name | Joy, Rick, |
| 245 10 - TITLE STATEMENT | |
| Title | Rick Joy |
| 250 ## - EDITION STATEMENT | |
| Edition statement | 1st ed. |
| 260 ## - PUBLICATION, DISTRIBUTION, ETC. (IMPRINT) | |
| Place of publication | Chicago : |
| Name of publisher | Graham Foundation for Advanced Studies in the Fine Arts ; |
| Place of publication | New York : Princeton Architectural Press, |
| Year of publication | 2002. |
| 300 ## - PHYSICAL DESCRIPTION | |
| Number of Pages | 166 p. : |
| Other physical details | chiefly col. ill. |
| 490 1# - SERIES STATEMENT | |
| Series statement | New voices in architecture |
| 505 0# - FORMATTED CONTENTS NOTE | |
| Formatted contents note | Projects -- Convent Avenue Studios -- Godat Design Studio -- Catalina House -- Tubac House -- Rubio Avenue -- Tucson Mountain House -- Casa Jax -- Pima Canyon House -- Greer Cabin. |
| 650 #0 - SUBJECT ADDED ENTRY--TOPICAL TERM | |
| Topical Term | Architecture |
| Topical Term | Architecture, Domestic |
| 700 1# - ADDED ENTRY--PERSONAL NAME | |
| Personal name | Holl, Steven. |
| Personal name | Pallasmaa, Juhani. |
| 856 40 - ELECTRONIC LOCATION AND ACCESS | |
| Uniform Resource Identifier | http://site.ebrary.com/lib/rucke/Doc?id=10488636 |
No items available.
